Mende-mondák és ferditések [!ferdítések] Ady körül

Elmentve itt :
Bibliográfiai részletek
Szerző: Ady Lajos
Dokumentumtípus: Cikk
Megjelent: 1928
Sorozat:Széphalom 2
Kulcsszavak:Ady Endre, Irodalomtudomány, Irodalomtörténet
Online Access:http://acta.bibl.u-szeged.hu/20267
LEADER 00593nab a2200169 i 4500
001 acta20267
005 20210722152504.0
008 161015s1928 hu o 0|| hun d
040 |a SZTE Egyetemi Kiadványok Repozitórium  |b hun 
041 |a hun 
100 1 |a Ady Lajos 
245 1 0 |a Mende-mondák és ferditések [!ferdítések] Ady körül  |h [elektronikus dokumentum] /  |c  Ady Lajos 
260 |c 1928 
300 |a 281-284 
490 0 |a Széphalom  |v 2 
695 |a Ady Endre, Irodalomtudomány, Irodalomtörténet 
856 4 0 |u http://acta.bibl.u-szeged.hu/20267/1/szephalom_002_281-284.pdf  |z Dokumentum-elérés